Vývoj reprodukce základních prostředků v členění podle průmyslových odvetví v letech 1975-1985

Guardado en:
Detalles Bibliográficos
Autor principal: Dolečková, Marie
Otros Autores: Hutař, Jaroslav, Tlustý, Zdeněk
Formato: Libro
Lenguaje:checo
Publicado: Praha Ústřední ústav národohospodářského výzkumu 1986
Etiquetas: Agregar Etiqueta
Sin Etiquetas, Sea el primero en etiquetar este registro!

MARC

LEADER 00000nam a2200000 4500
001 c036165
005 20250526105308.5
041 0 |a cze 
044 |a CZ 
245 1 0 |a Vývoj reprodukce základních prostředků v členění podle průmyslových odvetví v letech 1975-1985  |c Marie Dolečková, Jaroslav Hutař, Zdeněk Tlustý 
264 1 |a Praha  |b Ústřední ústav národohospodářského výzkumu  |c 1986 
300 |a 191 s. 
100 1 |a Dolečková, Marie 
700 1 |a Hutař, Jaroslav 
700 1 |a Tlustý, Zdeněk